Name Every BFDI Episode - Statistics

General Stats
  • This quiz has been taken 67 times
    3 since last reset
  • The average score is 31 of 123
Answer Stats
Hint Answer % Correct
BFDI 3 Are You Smarter Than a Snowball?
100%
BFDI 9 Insectophobe's Nightmare
100%
BFDI 24 Insectophobe's Nightmare 2
100%
BFDIA 12 Insectophobe's Nightmare 4
100%
TPOT 20 Alone
67%
BFDIA 2 Get Digging
67%
BFDIA 22 I'm the Main Character
67%
BFDIE 4 Insectophobe's Nightmare 0
67%
BFDIA 3 Insectophobe's Nightmare 3
67%
TPOT 10 Oneirophobe's Nightmare
67%
BFDI Short Paper Towel
67%
BFDI 6 Power of Three
67%
BFDIA 24 Say Hijack
67%
BFDIA 23 Shattered!
67%
BFDIA 25 She Deserves This
67%
BFDI 1a | BFDI1b Take the Plunge
67%
TPOT 2 The Worst Day of Black Hole's Life
67%
BFB 4 Today's Very Special Episode
67%
IDFB 1 Welcome Back
67%
BFDIA 1 Yeah, Who? I Wanna Know
67%
TPOT 1 You Know Those Buttons Don't Do Anything, Right?
67%
BFDI 12 A Leg Up in the Race
33%
BFB 20 A Taste of Space
33%
TPOT 18 BFB 31
33%
BFB 28 B.F.B. = Back From Beginning
33%
BFDIA 5b BFDIA 5b
33%
BFB 30 Chapter Complete
33%
BFDI 10 Crybaby!
33%
BFB 14 Don't Dig Straight Down
33%
BFDI 22 Don't Pierce My Flesh
33%
BFB 10 Enter the Exit
33%
BFDIE 10 Escape Nightmare Island!
33%
BFB 23 Fashion For Your Face!
33%
TPOT 5 Fishes and Dishes
33%
BFB 5 Fortunate Ben
33%
BFB 6 Four Goes Too Far
33%
BFDI 20 Gardening Hero
33%
TPOT 4 Gardening Zero
33%
BFDIA 5a Get in the Van
33%
TPOT 3 Getting Puffball To Think About Rollercoasters
33%
BFB 1 Getting Teardrop to Talk
33%
BFB 19 How Loe Can You Grow?
33%
BFDI 23 Hurtful!
33%
TPOT 21 Insectophobe's Nightmare 6
33%
BFDIA 5d It's a Monster
33%
BFDI 11 Lofty
33%
BFDIA 5c No More Snow!
33%
BFB 8 Questions Answered
33%
BFDI 25 Return of the Hang Glider
33%
BFDI 18 Reveal Novum
33%
BFB 29 SOS (Save Our Show)
33%
TPOT 22 Suite Escape
33%
BFDI 4 Sweet Tooth
33%
BFB 16 The Escape from Four
33%
BFB 24 The Game Has Changed
33%
BFB 7 The Liar Ball You Don't Want
33%
TPOT 16 The Power of Four
33%
BFDI 17 The Reveal
33%
BFDI 15 Vomitaco
33%
BFDIA 6 Well Rested
33%
BFDIA 21 We're Not Friends
33%
BFB 12 What Do You Think of Roleplay
33%
BFB 3 Why Would You Do This on a Swingset
33%
BFB 17 X Marks the Spot
33%
BFDIA 4 Zeeky Boogy Doog
33%
BFDIA 19 🥚
0%
BFDIA 18 Airplanes in the Night Sky
0%
TPOT 8 Balancing P.A.C.T.
0%
BFDI 2 Barriers and Pitfalls
0%
BFDI Short BFDI Is Back
0%
BFDI Short BFDI is Snack
0%
TPOT 17 Bottle for Dream Island
0%
BFDI 16 Bowling, Now with Explosions!
0%
BFDI 5 Bridge Crossing
0%
BFDIA 9 Catch These Hands
0%
TPOT 13 Category One
0%
BFDI 8 Cycle of Life
0%
BFDI 13 Don't Lose Your Marbles
0%
BFDIE 1 Elsewhere on Earth
0%
BFDIE 3 Everyone's Enemies
0%
BFB 11 Get to the Top in 500 Steps
0%
BFDI 14 Half a Loaf Is Better Than None
0%
BFDIA 7 Intruder Alert
0%
TPOT 14 I SAID CAREFUL!!!
0%
TPOT Short Kebab's Special Day
0%
TPOT 19 Last One Standing
0%
BFDIA 20 Launch Party
0%
BFB 21 Let's Raid The Warehouse
0%
BFB 2 Lick Your Way to Freedom
0%
BFDIA 11 Lots of Mud
0%
BFDIA 8 Meaty
0%
BFDIE 7 One Hundred Shells, No More, No Less
0%
TPOT 9 Outbreak At Stake
0%
TPOT 11 Out Of The Blue
0%
TPOT Short Plan Dissolve Adhesive
0%
BFDIA 14 PointyPointyPointy ♫
0%
BFDI 7 Puzzling Mysteries
0%
BFDI 19 Rescission
0%
BFDIA 16 Respect to the Wicked
0%
BFB 13 Return of the Rocket Ship
0%
TPOT 15 Seasonal Shift
0%
BFDIE 8 Some Assembly Required
0%
BFDIA 15 Spore Day
0%
BFDIA 17 Start the Shift
0%
BFB 18 Take the Tower
0%
BFDIA 10 Taste the Sweetness
0%
BFDIE 2 The Bare Minimum
0%
BFDIE 6 The Exploding Loser Chamber
0%
BFB 15 The Four is Lava
0%
BFDI 21 The Glistening
0%
TPOT 6 The Great Goikian Bake-Off
0%
BFB 26 The Hidden Contestant
0%
BFDIA 5e The Long-lost Yoyle City
0%
BFDIE 9 The Root of All Evil
0%
TPOT 7 The Seven Wonders of Goiky
0%
BFDIE 5 The Three Leg Three-Legged Race
0%
BFB 25 The Tweested Temple
0%
BFB 9 This Episode Is About Basketball
0%
BFB 27 Uprooting Everything
0%
BFDIA 13 Well, Look Who It Is!
0%
TPOT 12 What's Up Bell's String?
0%
BFB 22 Who Stole Donut's Diary?
0%
No matching quizzes found
Score Distribution
Percent of People with Each Score
Percentile by Number Answered
Your Score History
You have not taken this quiz since the last reset